| 000 | 00786nam a22002777a 4500 | ||
|---|---|---|---|
| 001 | 0022399 | ||
| 003 | KOHA_MİRAKIL | ||
| 005 | 20260207002343.0 | ||
| 007 | ta | ||
| 008 | 100921b2003 tu a|||gr||||#0|||1|tur | | ||
| 040 |
_aTR-BiSEU _btur _cTR-BiSEU _erda |
||
| 041 | 0 | _atur | |
| 044 | _ctu | ||
| 050 |
_aPL248.T9 _bA39 2003 |
||
| 100 | 1 | _aAkyürek, Erman. | |
| 245 | 1 |
_aArk : _böyküler (2001-2002)/ _cErman Akyürek ; Erman Akyürek. |
|
| 264 | 1 |
_aİstanbul : _b[yay.y] _c2003 |
|
| 300 |
_a318 sayfa : _bres. ; _c21 cm. |
||
| 336 |
_ametin _btxt _2rdacontent |
||
| 337 |
_aaracısız _bn _2rdamedia |
||
| 338 |
_acilt _bnc _2rdacarrier |
||
| 650 | 0 |
_aTürk edebiyatı--hikaye. _917733 |
|
| 650 | 0 |
_aTurkish literature--story. _917734 |
|
| 907 | _aRoman | ||
| 942 |
_2lcc _cBK |
||
| 999 |
_c22355 _d22355 |
||